Statistics for Economies with Soundest Banks - by Continent

Click here to take the quiz!

General Stats

  • This quiz has been taken 61 times
    (49 since last reset)
  • The average score is 15 of 25

Answer Stats

WREurope% Correct
3Canada
93%
1Finland
89%
7Norway
89%
10Sweden
89%
8Singapore
80%
9Chile
73%
2South Africa
73%
5Australia
70%
11Panama
70%
4New Zealand
68%
17UAE
68%
18Israel
66%
20Qatar
66%
12Luxembourg
61%
22Taiwan
61%
61Morocco
59%
35Thailand
48%
43Philippines
43%
40Namibia
41%
14Czech Republic
36%
59Mauritius
34%
23Honduras
23%
6Hong Kong SAR
23%
13Guatemala
20%
66Cote D'Ivoire
16%

Score Distribution

Percentile by Number Answered

Percent of People with Each Score

Your Score History

You have not taken this quiz since the last reset